Frasier Characters - Statistics

General Stats
  • This quiz has been taken 737 times
  • The average score is 11 of 21
Answer Stats
Actor/Actress Character % Correct
Kelsey Grammer Dr. Frasier Crane
100%
David Hyde Pierce Dr. Niles Crane
99%
Jane Leeves Daphne Moon
96%
Peri Gilpin Roz Doyle
94%
Dog Eddie
92%
John Mahoney Martin Crane
91%
Dan Butler Bulldog Briscoe
83%
Bebe Neuwirth Dr. Lilith Sternin
73%
Edward Hibbert Gil Chesterton
57%
Tom McGowan Kenny Daly
56%
Harriet Sansom Harris Bebe Glazer
46%
Anthony LaPaglia Simon Moon
36%
Saul Rubinek Donny Douglas
35%
Trevor Einhorn Frederick Crane
33%
Patrick Kerr Noel Shempsky
32%
Jane Adams Dr. Mel Karnofsky
29%
Millicent Martin Gertrude Moon
24%
Felicity Huffman Julia Wilcox
16%
Ashley Thomas Alice May Doyle
14%
Wendie Malick Ronee Lawrence
12%
James Oliver James the Barista
3%
No matching quizzes found
Score Distribution
Percent of People with Each Score
Percentile by Number Answered
Your Score History
You have not taken this quiz